| 000 | 01359nam a2200349Ia 4500 | ||
|---|---|---|---|
| 001 | ebr10201414 | ||
| 003 | CaPaEBR | ||
| 006 | m u | ||
| 007 | cr cn||||||||| | ||
| 008 | 060926s2006 njua sb 000 0 eng d | ||
| 010 | _z 2006298569 | ||
| 020 | _z9789812565907 | ||
| 020 | _z9789812774583 | ||
| 020 | _z9812565906 | ||
| 040 |
_aCaPaEBR _cCaPaEBR |
||
| 035 | _a(OCoLC)246970960 | ||
| 050 | 1 | 4 |
_aTK454 _b.D47 2006eb |
| 082 | 0 | 4 |
_a621.3192 _222 |
| 245 | 0 | 0 |
_aDesign of high-speed communication circuits _h[electronic resource] / _ceditor, Ramesh Harjani. |
| 260 |
_aNew Jersey : _bWorld Scientific, _c2006. |
||
| 300 |
_av, 222 p. : _bill. |
||
| 490 | 1 |
_aSelected topics in electronics and systems ; _vv. 38 |
|
| 504 | _aIncludes bibliographical references. | ||
| 533 |
_aElectronic reproduction. _bPalo Alto, Calif. : _cebrary, _d2009. _nAvailable via World Wide Web. _nAccess may be limited to ebrary affiliated libraries. |
||
| 650 | 0 |
_aElectric circuits _xDesign and construction. |
|
| 650 | 0 | _aElectrical engineering. | |
| 655 | 7 |
_aElectronic books. _2local |
|
| 700 | 1 |
_aHarjani, Ramesh, _d1959- |
|
| 710 | 2 | _aebrary, Inc. | |
| 830 | 0 |
_aSelected topics in electronics and systems ; _vv. 38. |
|
| 856 | 4 | 0 |
_uhttp://site.ebrary.com/lib/rucke/Doc?id=10201414 _zAn electronic book accessible through the World Wide Web; click to view |
| 999 |
_c120123 _d120123 |
||